000
00271nam a22001097a 4500
008
230629b xxu||||| |||| 00| 0 eng d
082
_a
338.9
_b
UNDP 2005
245
_a
Linking Industrialization with Human Development
260
_c
2005
300
_a
V,56p
942
_2
ddc
_c
BK
999
_c
3006
_d
3006